| 000 | 005050000a22001810004500 | ||
|---|---|---|---|
| 041 | 0 | _aSPA | |
| 082 | 0 | 4 | _aG 261 B86299d |
| 100 | 1 | _aBürki, Hans | |
| 245 | 1 | 0 | _aEl cristiano y el mundo / Hans Bürki |
| 260 | _aBarcelona, España : Ediciones Evangélicas Europeas | ||
| 300 | _a85 Pag | ||
| 500 | _aTitulo original : The christian life in the world | ||
| 001 | 9060 | ||
| 942 | _cBK | ||
| 999 |
_c39144 _d39144 |
||
| 336 |
_atexto _btxt _2rdacontent |
||
| 337 |
_2rdamedia _asin mediación _bn |
||
| 338 |
_2rdacarrier _avolumen _bnc |
||